01062nam a2200265 a 450000100060000000300080000600500170001400800410003103500190007204000200009104100080011108200250011910000290014424500660017326000420023930000250028149000900030650400530039665000340044965000340048383000980051794200120061599900170062795201520064469772BD-RjUL20211209081926.0170413s1967 nyu b 001 0 eng d a(BD-RjUL)69984 aLCbengcLCdLC aeng00223a519.24bHAH 19671 aHaight, Frank A.920666410aHandbook of the Poisson distribution /c[by] Frank A. Haight. aNew York :bJohn Wiley & Sons,cc1967 axi, 168 p. ;c24 cm.1 aOperations Research Society of America. Publications in operations research, vno. 11 aincludes bibliography: p. [125-162] and indexes. 0aPoisson distribution.9162243 0aStochastic processes.9117665 0aOperations Research Society of America. Publications in operations research, vno. 119206668 2ddccBK c69772d69772 00102ddc40718NFICaRUCLbRUCLcReadingd1973-08-28eNational Book Agency.g125.75l0o519.24 HAH 1967r2017-04-13 00:00:00tC-1w2017-04-13yBK